Islam and Evolution of Science (Record no. 6565)

MARC details
000 -LEADER
fixed length control field 00622nam a2200241 a 4500
020 ## - INTERNATIONAL STANDARD BOOK NUMBER
ISBN 9694086
082 00 - DEWEY DECIMAL CLASSIFICATION NUMBER
Classification number 500.80297
Author Cutter SAU
100 ## - MAIN ENTRY--AUTHOR NAME
Author name Saud, Mahmmad
245 ## - TITLE STATEMENT
Title Islam and Evolution of Science
260 ## - PUBLICATION, DISTRIBUTION, ETC. (IMPRINT)
Place of publication Islamabad
Name of publisher International Islamic University
Year of publication 1986
300 ## - PHYSICAL DESCRIPTION
Number of Pages 154p
500 ## - GENERAL NOTE
General note includes index and biblioraphy
505 2# - FORMATTED CONTENTS NOTE
Formatted contents note Bibliography, Index
650 ## - SUBJECT ADDED ENTRY--TOPICAL TERM
Topical Term Islam and Science
942 ## - ADDED ENTRY ELEMENTS (KOHA)
Koha item type Books
700 1# -
-- Saud, Mahmmad
Holdings
Home library Current library Date acquired Cost, normal purchase price Full call number Accession Number Koha item type
Henry Martyn Institute Library Henry Martyn Institute Library 12/11/2009 100.00 500.80297 SAU 014651 E-Books
                   Copyright © 2026 | Henry Martyn Institute | Hyderabad | TS-500052 | INDIA | Implemented by hmi.edu.in
Hit-Count:

Powered by Koha